000
00437nam a2200133Ia 4500
008
100328s9999 xx 000 0 und d
082
_b
21767
100
_a
अश्क उपेन्द्रनाथ
245
_a
पत्थर अले पत्थर
260
_b
करमरकर ग.वा.
630
_a
पत्थर अले पत्थर
730
_a
पत्थर अले पत्थर
942
_c
BOOK
999
_c
515751
_d
515748